[Event "Ukraine Chess Championship Men 2016"]
[Site "Rivne"]
[Date "2016.12.10"]
[Round "4.6"]
[White "Areshchenko, Alexander"]
[Black "Oleksienko, Mikhailo"]
[Result "1/2-1/2"]
[BlackElo "2615"]
[WhiteElo "2678"]
[LiveChessVersion "1.4.8"]

1. e4 c5 {[%clk 1:27:00]} 2. Nf3 {[%clk 1:30:50]} e6 {[%clk 1:27:15]} 3. d4
{[%clk 1:31:12]} cxd4 {[%clk 1:27:42]} 4. Nxd4 {[%clk 1:31:39]} Nc6
{[%clk 1:28:09]} 5. Nc3 {[%clk 1:31:58]} Qc7 {[%clk 1:28:35]} 6. Be2
{[%clk 1:32:04]} Nf6 {[%clk 1:28:54]} 7. Be3 {[%clk 1:31:37]} Be7
{[%clk 1:28:47]} 8. f4 {[%clk 1:31:33]} d6 {[%clk 1:21:14]} 9. Qd2
{[%clk 1:31:22]} O-O {[%clk 1:14:50]} 10. O-O-O {[%clk 1:30:46]} a6
{[%clk 1:14:35]} 11. g4 {[%clk 1:29:55]} d5 {[%clk 1:14:31]} 12. exd5
{[%clk 1:24:11]} Nxd5 {[%clk 1:14:30]} 13. Nxd5 {[%clk 1:23:50]} exd5
{[%clk 1:14:57]} 14. Kb1 {[%clk 1:20:42]} Bd7 {[%clk 1:09:26]} 15. h4
{[%clk 1:15:08]} Rfe8 {[%clk 1:04:55]} 16. Bf3 {[%clk 1:02:54]} Rad8
{[%clk 0:59:04]} 17. h5 {[%clk 0:58:22]} Na5 {[%clk 0:55:37]} 18. b3
{[%clk 0:46:36]} Ba3 {[%clk 0:53:03]} 19. Rhe1 {[%clk 0:38:17]} Rc8
{[%clk 0:33:14]} 20. h6 {[%clk 0:31:41]} gxh6 {[%clk 0:30:05]} 21. Bxd5
{[%clk 0:25:57]} Bxg4 {[%clk 0:28:29]} 22. Rg1 {[%clk 0:23:03]} h5
{[%clk 0:28:52]} 23. Nf5 {[%clk 0:09:17]} Kf8 {[%clk 0:20:29]} 24. Bd4
{[%clk 0:07:51]} Re2 {[%clk 0:12:48]} 25. Bg7+ {[%clk 0:05:07]} Ke8
{[%clk 0:13:13]} 26. Rge1 {[%clk 0:00:53]} Qxc2+ {[%clk 0:10:47]} 27. Qxc2
{[%clk 0:01:20]} Rcxc2 {[%clk 0:11:14]} 28. Ng3 {[%clk 0:01:30]} Bb4
{[%clk 0:09:05]} 29. Nxe2 {[%clk 0:01:53]} Rxe2 {[%clk 0:09:23]} 30. Rxe2+
{[%clk 0:02:04]} Bxe2 {[%clk 0:09:52]} 31. Rd4 {[%clk 0:02:16]} Be7
{[%clk 0:10:20]} 32. Kb2 {[%clk 0:01:21]} Bg4 {[%clk 0:10:28]} 33. Re4
{[%clk 0:01:17]} Kd7 {[%clk 0:09:49]} 34. Bxf7 {[%clk 0:01:40]} Nc6
{[%clk 0:10:05]} 35. Re3 {[%clk 0:01:03]} Bd6 {[%clk 0:09:37]} 36. Be8+
{[%clk 0:01:16]} Kc7 {[%clk 0:09:57]} 37. Bh6 {[%clk 0:01:03]} h4
{[%clk 0:06:55]} 38. Bf7 {[%clk 0:01:29]} Bc5 {[%clk 0:06:09]} 39. Re1
{[%clk 0:01:19]} Bd4+ {[%clk 0:06:17]} 40. Kc2 {[%clk 0:31:18]} h3
{[%clk 0:33:05]} 41. Rh1 {[%clk 0:23:43]} Ne7 {[%clk 0:29:32]} 42. Kd3
{[%clk 0:21:47]} Bb6 {[%clk 0:25:40]} 43. f5 {[%clk 0:11:42]} Bxf5+
{[%clk 0:25:38]} 44. Ke2 {[%clk 0:12:08]} Bg4+ {[%clk 0:24:29]} 45. Kd3
{[%clk 0:12:35]} Bf5+ {[%clk 0:24:48]} 46. Ke2 {[%clk 0:12:14]} Bg4+
{[%clk 0:24:57]} 1/2-1/2